Common 1990s boys names - Statistics

General Stats
  • This quiz has been taken 126 times
    24 since last reset
  • The average score is 21 of 37
Answer Stats
Answer % Correct
Michael
94%
Adam
88%
Andrew
88%
David
88%
Thomas
88%
Christopher
81%
Daniel
81%
James
81%
Aaron
75%
Alexander
75%
Benjamin
75%
Jack
75%
Matthew
75%
Ryan
75%
Jacob
69%
Jason
69%
Joseph
69%
Richard
69%
Samuel
69%
Steven
69%
Liam
63%
Luke
63%
Oliver
63%
Joshua
56%
Harry
50%
Marcus
44%
Martin
44%
Bradley
38%
Carl
38%
Craig
19%
Elliott
19%
Louis
19%
Dominic
13%
Neil
13%
Reece
13%
Antony
6%
Toby
6%
No matching quizzes found
Score Distribution
Percent of People with Each Score
Percentile by Number Answered
Your Score History
You have not taken this quiz since the last reset